Loading...
Beliefs | 1 | 2 | 0 | 1 | 35 | 37 | 80.67 | 1 | 3 |
Social Science | 0 | 2 | 0 | 0 | 20 | 101 | 117.00 | 0 | 2 |
Philosophy | 0 | 2 | 0 | 1 | 20 | 89 | 115.50 | 0 | 2 |
History - American History | 0 | 2 | 0 | 0 | 20 | 65 | 80.00 | 1 | 2 |
Literature - European Literature | 1 | 0 | 0 | 0 | 15 | 34 | 34.00 | 1 | 1 |
British and Commonwealth History | 0 | 2 | 1 | 0 | 15 | 90 | 100.00 | 1 | 2 |
History - European History | 1 | 1 | 3 | 0 | 10 | 26 | 73.50 | 2 | 2 |
Current Events | 0 | 1 | 0 | 1 | 10 | 118 | 118.00 | 0 | 1 |
Science - Biology | 0 | 1 | 0 | 0 | 10 | 133 | 133.00 | 0 | 1 |
Other Arts: Visual | 0 | 1 | 0 | 0 | 10 | 117 | 117.00 | 0 | 1 |
History - World History | 0 | 1 | 1 | 0 | 5 | 80 | 80.00 | 1 | 1 |
Ancient History and Archaeology | 0 | 0 | 1 | 0 | -5 | 0.00 | 0 | 0 |